The Stone Sculptures of Copán and Quirigua
সংরক্ষণ করুন:
| প্রধান লেখক: | , |
|---|---|
| বিন্যাস: | গ্রন্থ |
| ভাষা: | ইংরেজি |
| প্রকাশিত: |
Londres
Asher & Company, Publishers, Bedford street, Covent Garden
1850
|
| সংস্করন: | 1a. ed |
| বিষয়গুলি: | |
| ট্যাগগুলো: |
ট্যাগ যুক্ত করুন
কোনো ট্যাগ নেই, প্রথমজন হিসাবে ট্যাগ করুন!
|
MARC
| LEADER | 00000nam a2200000 a 4500 | ||
|---|---|---|---|
| 001 | UCJ8462 | ||
| 003 | CL-VaPUC | ||
| 008 | 070124e18500000UK |||||||||||||||||eng|d | ||
| 082 | 0 | 4 | |a 972 |b SCH |2 21 |
| 100 | 0 | |a Schmidt, Julius |e author |9 517222 | |
| 700 | 0 | |a Meye, Heinrich |e author |9 517223 | |
| 245 | 1 | 4 | |a The Stone Sculptures of Copán and Quirigua |
| 246 | 1 | 0 | |a Drawn by Heinrich Meye. Historical and Descriptive text by Dr. Julius Schmidt |
| 246 | 1 | 0 | |a Translation from the german by A. D. Savage, Late of the Metropolitan Museum of Art, New York |
| 250 | |a 1a. ed | ||
| 942 | |c BK | ||
| 945 | |d 20070124 00:00:00 |a rinostro | ||
| 260 | |a Londres |b Asher & Company, Publishers, Bedford street, Covent Garden |c 1850 | ||
| 500 | |a Láminas sin indizar | ||
| 650 | 0 | |a Arqueología |9 265619 | |
| 650 | 0 | |a Arquitectura maya |9 265008 | |
| 650 | 0 | |a Ilustraciones |9 369481 | |
| 583 | |a last modification |c 20070124 00:00:00 |k Rodrigo Vera | ||
| 999 | |c 324174 |d 324172 | ||
| 952 | |0 0 |1 0 |4 0 |6 972_000000000000000_SCH_1850 |7 0 |8 X |9 404129 |a FDOBUD |b FDOBUD |d 2019-11-22 |i 107833K |o 972 SCH 1850 |p 107833K |r 2019-11-22 |w 2019-11-22 |y BK_X |k BUD | ||